000 00233nam a2200097Ia 4500
008 240331s9999 xx 000 0 und d
082 _bMUT
100 _aMuthumeeran, S
245 0 _aIlankai kiramathu muslimkalin palamolikal
942 _cL
999 _c1504
_d1504